Bei welchem Verein haben alle gespielt - Statistiken

Allgemein
  • Dieses Quiz wurde 310 mal gespielt
  • Das Durchschnittsergebnis liegt bei 4 aus 5
Antwortstatistiken
Hint Antwort % Korrekt
Alaba,Benatia,Rode Bayern
97%
Suarez,Eriksen,Ziyech Ajax
86%
Maignan,Cavani,Okocha PSG
72%
Dzeko,Milner,Balotelli Man City
68%
Martial,Carrasco,Lemar Monaco
51%
Keine übereinstimmenden Quizze gefunden
Verteilung der Resultate
Anzahl Personen mit jedem Resultat
Perzentil nach korrekt beantworteten Fragen
Ihre Resultats-Entwicklung
Sie haben dieses Quiz noch nicht gespielt